Bankový sektor vybranej krajiny a komparácia s bankovým sektorom na Slovensku bakalárska práca
Na minha lista:
| Autor principal: | |
|---|---|
| Autor Corporativo: | |
| Outros Autores: | |
| Formato: | Livro |
| Idioma: | eslovaco |
| Publicado em: |
Bratislava
2012
|
| Tags: |
Sem tags, seja o primeiro a adicionar uma tag!
|
MARC
| LEADER | 00000nbm a2200000 4500 | ||
|---|---|---|---|
| 001 | 0155821 | ||
| 005 | 20161109111919.0 | ||
| 041 | 0 | |a slo | |
| 044 | |a SK | ||
| 245 | 1 | 0 | |a Bankový sektor vybranej krajiny a komparácia s bankovým sektorom na Slovensku |b bakalárska práca |c Gabriela Petríková ; školiteľ: Zdenka Střelecká |
| 264 | 1 | |a Bratislava |c 2012 | |
| 300 | |a 43 s. | ||
| 100 | 1 | |a Petríková, Gabriela | |
| 700 | 1 | |a Střelecká, Zdenka | |
| 710 | 2 | |a Národohospodárska fakulta EU. Katedra bankovníctva a medzinárodných financií | |